Эколого-географические изменения в бассейнах рек Западной Сибири (при крупномасштабных водохозяйственных мероприятиях

Bibliografiset tiedot
Päätekijä: Савкин В. М. Валерий Михайлович
Kieli:venäjä
Julkaistu: Новосибирск, Наука, 2000
Aiheet:
Aineistotyyppi: Kirja
KOHA link:https://koha.lib.tpu.ru/cgi-bin/koha/opac-detail.pl?biblionumber=25369

MARC

LEADER 00000nam0a2200000 4500
001 25369
005 20231030200921.0
010 |a 5020315125 
035 |a (RuTPU)RU\TPU\book\25605 
035 |a BOOK00000019 
090 |a 25369 
100 |a 20011209d2000 k y0rusy50 ca 
101 0 |a rus 
102 |a RU 
105 |a y z 000zy 
200 1 |a Эколого-географические изменения в бассейнах рек Западной Сибири (при крупномасштабных водохозяйственных мероприятиях  |f В. М. Савкин 
210 |a Новосибирск  |c Наука  |d 2000 
215 |a 152 с. 
610 1 |a геология 
610 1 |a гидрология 
610 1 |a водное хозяйство 
610 1 |a речные стоки 
610 1 |a реки 
610 1 |a Западная Сибирь 
610 1 |a водохранилища 
610 1 |a эксплуатация 
610 1 |a экологические последствия 
610 1 |a водные ресурсы 
675 |a 556.18  |v 3 
700 1 |a Савкин  |b В. М.  |g Валерий Михайлович 
801 0 |a RU  |b 63413507  |c 20011209  |g PSBO 
801 2 |a RU  |b 63413507  |c 20091001  |g PSBO 
942 |c BK